000 01189cam a22002054a 4500
005 20250605164046.0
008 250528s ||||||||||||||||||||||||d
035 _a17139
020 _a750602074
040 _aGR-AtMCL
_bgre
_dGR-AtMCL
_eAACR2
245 1 _aStatistics for Business
260 _c1994
300 _a356
520 _aEvery book in this series is designed to help you get to grips with a complex subject. They explain the basics first, using straightforward language, and gradually introduce you to more advanced topics. Preface, Introduction to Statistics, More About the Collection of Data, Presentation of Data: Tables, Pictorial Presentation of Statistical Data 1: Pictograms and Other Diagrams, Pictorial Presentation of Statistical Data 2: Graphs, Averages: Measures of Central Tendency, Measures of Dispersion, Skewed and Normal Distributions, Elements of Probability, Correlation and Regression 1, Correlation and Regression 2, Time Series, Index Numbers, Sources of Statistics, Some End-of-Course Examination Papers, Answer Section, Index.
700 1 _aHoyle Ken
_93287
700 1 _aIngram Rex
_93288
942 _cBK
999 _c2578
_d2578